000
00461nam a2200145Ia 4500
008
100122s9999 xx 000 0 und d
082
_b
20180
_a
823
100
_a
दांडेकर मालती
245
_a
काटेरी मार्ग
260
_b
पंडित अनंत कुलकर्णी
_c
1948
300
_a
187
630
_a
काटेरी मार्ग
730
_a
काटेरी मार्ग
942
_c
BOOK
999
_c
408912
_d
408909